000 00612nam a2200217Ia 4500
003 OSt
005 20220925202040.0
006 a|||||r|||| 00| 0
007 ta
008 220923b |||||||| |||| 00| 0 eng d
037 _cGeneral Book
040 _aRTL
_cRTL
_beng
041 _2eng
_aeng
082 _aY592, N8/TD1
100 _aDumont L.
_9263141
245 0 _aHomo-hierarchicus
_b the caste system and its implication
260 _aDelhi
_bOxford University Press
_c1998
300 _a490p.
_ccm.
942 _hY592, N8/TD1
_cGB
_2CC
999 _c542315
_d542315